La ciudad sin Laura

Đã lưu trong:
Chi tiết về thư mục
Tác giả chính: Bernárdez, Francisco Luis (Tác giả)
Định dạng: Sách
Ngôn ngữ:Tiếng Tây Ban Nha
Được phát hành: Buenos Aires C.E.P.A 1941
Những chủ đề:
Các nhãn: Thêm thẻ
Không có thẻ, Là người đầu tiên thẻ bản ghi này!

MARC

LEADER 00000nam a2200000 a 4500
001 UCT5649
003 CL-VaPUC
008 961216e19410000AG |||||||||||||||||spa|d
082 0 4 |a Ar861  |b BER  |2 21 
100 |a Bernárdez, Francisco Luis  |e author  |9 543500 
245 1 3 |a La ciudad sin Laura 
300 |a 54 p 
942 |c BK 
945 |d 19961216 00:00:00  |a rleighto 
260 |a Buenos Aires  |b C.E.P.A  |c 1941 
650 0 |a Poesía argentina  |9 265575 
583 |a last modification  |c 19961216 00:00:00  |k Rodrigo Vera 
999 |c 254537  |d 254535 
952 |0 0  |1 0  |4 0  |6 AR_861_000000000000000_BER_1941  |7 0  |8 A  |9 276264  |a BIBEDU  |b BIBEDU  |d 2019-11-19  |i 3259153  |o Ar861 BER 1941  |p 3259153  |r 2019-11-19  |w 2019-11-19  |y BK  |k LIT